Normal view MARC view
  • Borisor, A.A , Leyer, J.G , Kyhl, A.L

Entry Personal Name

Number of records used in: 1

001 - CONTROL NUMBER

  • control field: 65961

003 - CONTROL NUMBER IDENTIFIER

  • control field: NUST

005 - DATE AND TIME OF LATEST TRANSACTION

  • control field: 20210628203521.0

008 - FIXED-LENGTH DATA ELEMENTS

  • fixed length control field: 210628|| aca||aabn | a|a d

040 ## - CATALOGING SOURCE

  • Original cataloging agency: NUST
  • Transcribing agency: NUST

100 ## - HEADING--PERSONAL NAME

  • Personal name: Borisor, A.A , Leyer, J.G , Kyhl, A.L

670 ## - SOURCE DATA FOUND

  • Source citation: Work cat.: (NUST): Borisor, A.A , Leyer, J.G , Kyhl, A.L, Dynamics of gaseouse combustion, 1993
© 2023 Central Library, National University of Sciences and Technology. All Rights Reserved.